000
00271nam a2200097Ia 4500
005
20250424112909.0
008
250424s9999 xx 000 0 und d
300
_a
95 p. :ill. ; 29 cm.
650
_a
Engineering--Periodicals. Engineering--Nigeria--Periodicals.
942
_c
SR
999
_c
37756
_d
37756